[Event "CAN-ch U1600"]
[Site "Kingston CAN"]
[Date "2019.04.18"]
[Round "1.42"]
[White "Douglas, Steven"]
[Black "Mai, Deren"]
[Result "1-0"]
[WhiteElo "1492"]
[BlackElo "1242"]
[PlyCount "71"]
[EventDate "2019.04.18"]
[EventType "swiss"]
[EventRounds "9"]
[EventCountry "CAN"]

1. e4 e5 2. Bc4 c6 3. Nc3 Nf6 4. d3 d5 5. Bb3 d4 6. Nb1 Bd6 7. Nf3 Bg4 8. O-O
O-O 9. a3 Nh5 10. Nbd2 Nf4 11. h3 Bh5 12. Kh2 Qc8 13. Rg1 Bg4 14. Qf1 Kh8 15.
Nc4 Bxf3 16. gxf3 Bc7 17. Rg4 b5 18. Nd2 f5 19. Rg3 Nd7 20. Nb1 fxe4 21. fxe4
Nc5 22. Ba2 Nce6 23. Nd2 Nh5 24. Rg4 Nef4 25. Nf3 Rf6 26. Ng1 Rh6 27. Ne2 Nf6
28. Rg3 g5 29. Nxf4 exf4 30. Rg4 f3+ 31. Rg3 Bxg3+ 32. Kxg3 Qc7+ 33. Kxf3 Rxh3+
34. Qxh3 Rf8 35. Ke2 Qf7 36. Bxf7 1-0

[Event "CAN-ch U1600"]
[Site "Kingston CAN"]
[Date "2019.04.18"]
[Round "1.43"]
[White "Gougeon, Patrick"]
[Black "Wang, Derek"]
[Result "1/2-1/2"]
[WhiteElo "1204"]
[BlackElo "1459"]
[PlyCount "47"]
[EventDate "2019.04.18"]
[EventType "swiss"]
[EventRounds "9"]
[EventCountry "CAN"]

1. f4 d5 2. Nf3 Nf6 3. g3 g6 4. Bg2 Bg7 5. d3 c5 6. O-O Nc6 7. c3 O-O 8. Na3 a6
9. Rb1 Qb6 10. Bd2 c4+ 11. Kh1 cxd3 12. exd3 Bf5 13. Qe2 Rad8 14. Be3 Qc7 15.
Rbd1 Rfe8 16. h3 e5 17. Qf2 Qe7 18. Bb6 Rc8 19. g4 Bd7 20. Bc5 Qd8 21. Bb6 Qe7
22. Bc5 Qd8 23. Bb6 Qe7 24. Bc5 1/2-1/2

[Event "CAN-ch U1600"]
[Site "Kingston CAN"]
[Date "2019.04.18"]
[Round "1.44"]
[White "Sztuka, Jeremy"]
[Black "Chocina, Adam"]
[Result "1-0"]
[WhiteElo "1454"]
[BlackElo "1179"]
[PlyCount "69"]
[EventDate "2019.04.18"]
[EventType "swiss"]
[EventRounds "9"]
[EventCountry "CAN"]

1. f4 d5 2. Nf3 Nf6 3. e3 Bf5 4. Be2 Nc6 5. O-O Qd7 6. d3 O-O-O 7. Nbd2 h6 8.
Nb3 e6 9. Ne5 Nxe5 10. fxe5 Nh7 11. d4 Ng5 12. c3 Be7 13. Na5 c6 14. b4 Ne4 15.
Qe1 g5 16. Nb3 h5 17. Nc5 Bxc5 18. bxc5 g4 19. a4 h4 20. a5 h3 21. a6 Kb8 22.
g3 b6 23. cxb6 axb6 24. Rf4 Ka7 25. Bxg4 Bxg4 26. Rxg4 Rdg8 27. Rf4 Nxg3 28.
hxg3 h2+ 29. Kh1 Qe7 30. Qf2 Rg7 31. Rf6 Rhh7 32. e4 dxe4 33. Rh6 Rxh6 34. Bxh6
Rh7 35. Qe3 1-0

[Event "CAN-ch U1600"]
[Site "Kingston CAN"]
[Date "2019.04.18"]
[Round "1.45"]
[White "Bilodeau-Savaria, Sandy-Rose"]
[Black "He, Jiaqi"]
[Result "0-1"]
[WhiteElo "1150"]
[BlackElo "1451"]
[PlyCount "128"]
[EventDate "2019.04.18"]
[EventType "swiss"]
[EventRounds "9"]
[EventCountry "CAN"]

1. d4 Nf6 2. c4 g6 3. Nf3 Bg7 4. Nc3 d6 5. e4 O-O 6. Be2 c5 7. d5 Re8 8. O-O e6
9. Qc2 exd5 10. cxd5 Nbd7 11. Bf4 Qe7 12. Bd3 a6 13. Rfe1 Ng4 14. a4 Nge5 15.
Nxe5 Nxe5 16. h3 Qh4 17. Bg3 Qe7 18. f4 Nd7 19. Re2 Bd4+ 20. Kh1 Qf6 21. Rae1
b6 22. Qd2 Qg7 23. Bf2 Bf6 24. Kh2 Bb7 25. Bg3 Re7 26. Kh1 Rae8 27. Kh2 Qh6 28.
f5 Qxd2 29. Rxd2 Ne5 30. Bxe5 Bxe5+ 31. Kh1 Bxc3 32. bxc3 gxf5 33. Rde2 fxe4
34. Bxe4 f5 35. Bf3 Rxe2 36. Rxe2 Rxe2 37. Bxe2 Bxd5 38. Bxa6 Kf7 39. Kg1 Kf6
40. Kf2 Bc6 41. Bb5 Be4 42. g3 Kg5 43. Ke3 d5 44. Be2 h6 45. Bf1 h5 46. Be2 h4
47. Kf2 hxg3+ 48. Kxg3 f4+ 49. Kh2 d4 50. cxd4 cxd4 51. Kg1 Kh4 52. Kf2 Kxh3
53. Bd1 d3 54. Bb3 Kg4 55. Bd1+ Kf5 56. Bf3 Ke5 57. Bd1 Kd4 58. Bb3 Kc3 59. Bd1
d2 60. Ke2 f3+ 61. Ke3 Bd5 62. Kf2 Kb2 63. Be2 fxe2 64. Kxe2 Kc2 0-1

[Event "CAN-ch U1600"]
[Site "Kingston CAN"]
[Date "2019.04.18"]
[Round "1.46"]
[White "Paulsen, Lorenz"]
[Black "Hay, Jonathan"]
[Result "1-0"]
[WhiteElo "1434"]
[BlackElo "1075"]
[PlyCount "67"]
[EventDate "2019.04.18"]
[EventType "swiss"]
[EventRounds "9"]
[EventCountry "CAN"]

1. d4 d5 2. c4 dxc4 3. Nc3 a6 4. a4 e5 5. Nf3 e4 6. Nxe4 c5 7. Nxc5 Bxc5 8.
dxc5 Qxd1+ 9. Kxd1 Nf6 10. Bf4 O-O 11. e3 Be6 12. Ne5 Ne4 13. Ke1 Rd8 14. Bxc4
Bxc4 15. Nxc4 Nd7 16. b4 Rac8 17. f3 Nef6 18. Nd6 Ra8 19. Nxb7 Rdc8 20. Kf2 Ra7
21. Nd6 Rc6 22. e4 Nh5 23. Be3 Nhf6 24. b5 axb5 25. axb5 Rxa1 26. Rxa1 Rc7 27.
b6 Rc6 28. Ra8+ Nf8 29. b7 N6d7 30. Rc8 Ra6 31. c6 Ra2+ 32. Kg3 Nf6 33. b8=Q
Nh5+ 34. Kh4 1-0

[Event "CAN-ch U1600"]
[Site "Kingston CAN"]
[Date "2019.04.18"]
[Round "1.47"]
[White "De Leon, Rut Jurry"]
[Black "Lee, Ji Won"]
[Result "1-0"]
[WhiteElo "1063"]
[BlackElo "1365"]
[PlyCount "79"]
[EventDate "2019.04.18"]
[EventType "swiss"]
[EventRounds "9"]
[EventCountry "CAN"]

1. g3 e5 2. Bg2 Nc6 3. d3 Nf6 4. Nd2 Be7 5. Ngf3 O-O 6. O-O d6 7. e4 Bg4 8. a3
Qe8 9. b4 Rd8 10. Nb3 d5 11. exd5 Rxd5 12. Qe1 Nd7 13. Bb2 Bxf3 14. Bxf3 Rd6
15. Qe3 a6 16. Rfe1 Bf6 17. d4 Re6 18. d5 Re7 19. dxc6 bxc6 20. Bxc6 h6 21. Nc5
Bg5 22. Qe2 f5 23. Nxd7 Rxd7 24. Bxd7 Qxd7 25. Qxe5 Bf6 26. Qe6+ Qxe6 27. Rxe6
Bxb2 28. Ra2 Bd4 29. Rxa6 Rb8 30. Rc6 Rb7 31. c3 Be5 32. a4 Kf7 33. a5 Bf6 34.
a6 Ra7 35. b5 Bd8 36. c4 Ra8 37. c5 Ke7 38. b6 cxb6 39. cxb6 Kd7 40. b7 1-0

[Event "CAN-ch U1600"]
[Site "Kingston CAN"]
[Date "2019.04.18"]
[Round "1.48"]
[White "Bilodeau-Savaria, Carl-William"]
[Black "Chau, Jonathan"]
[Result "1-0"]
[WhiteElo "1313"]
[BlackElo "934"]
[PlyCount "33"]
[EventDate "2019.04.18"]
[EventType "swiss"]
[EventRounds "9"]
[EventCountry "CAN"]

1. e4 e5 2. Nf3 Nc6 3. Bb5 Nf6 4. O-O Ng4 5. c3 d5 6. exd5 Qxd5 7. Bxc6+ Qxc6
8. h3 h5 9. Re1 h4 10. hxg4 h3 11. Rxe5+ Kd8 12. Qb3 Bxg4 13. Rd5+ Kc8 14. Ne5
h2+ 15. Kh1 Bd1 16. Nxc6 Bxb3 17. Rd8# 1-0

[Event "CAN-ch U1600"]
[Site "Kingston CAN"]
[Date "2019.04.18"]
[Round "1.49"]
[White "Liao, Austin"]
[Black "He, Zekai"]
[Result "1/2-1/2"]
[WhiteElo "902"]
[BlackElo "1293"]
[PlyCount "93"]
[EventDate "2019.04.18"]
[EventType "swiss"]
[EventRounds "9"]
[EventCountry "CAN"]

1. e4 c5 2. Nf3 e6 3. Nc3 Nc6 4. Bc4 Nge7 5. e5 a6 6. a3 g6 7. d3 Bg7 8. Bf4
O-O 9. Qd2 Nf5 10. Ne2 b5 11. Ba2 Bb7 12. Ng3 Nfd4 13. Nxd4 Nxd4 14. Kf1 Qc7
15. Re1 Nc6 16. Bh6 Nxe5 17. Bf4 d6 18. h3 Qc6 19. Rh2 Qc7 20. h4 Qc6 21. f3 h5
22. Ne4 Rad8 23. Bh6 Rfe8 24. Qg5 Nd7 25. g4 d5 26. Ng3 hxg4 27. fxg4 d4 28.
Rf2 Bf6 29. Qf4 e5 30. Qd2 c4 31. g5 Bg7 32. Ne4 Re6 33. Qe2 Rc8 34. Qf3 Rf8
35. h5 gxh5 36. Bxg7 Kxg7 37. Qxh5 Rg6 38. Rh2 Rg8 39. Ree2 Qc8 40. Ref2 Rh8
41. Qf3 Rf8 42. Qh3 Rh8 43. Qf3 Bd5 44. Qg4 Nb6 45. Qg3 Nd7 46. Qg4 Nb6 47. Qg3
1/2-1/2

[Event "CAN-ch U1600"]
[Site "Kingston CAN"]
[Date "2019.04.19"]
[Round "2.40"]
[White "He, Jiaqi"]
[Black "Hua, Gary"]
[Result "0-1"]
[WhiteElo "1451"]
[BlackElo "1582"]
[PlyCount "82"]
[EventDate "2019.04.18"]
[EventType "swiss"]
[EventRounds "9"]
[EventCountry "CAN"]

1. e4 d5 2. exd5 Qxd5 3. Nc3 Qd6 4. Nf3 Bg4 5. Be2 Nf6 6. d4 c6 7. h3 Bh5 8.
O-O Nbd7 9. Ng5 Bg6 10. Bf3 Nb6 11. Nce4 Nxe4 12. Nxe4 Qc7 13. b3 e6 14. Qe2
Be7 15. Be3 O-O 16. Rad1 Nd5 17. Bd2 Rad8 18. c4 Nf6 19. Nxf6+ Bxf6 20. Be3
Rfe8 21. Rd2 a6 22. Rc1 Be7 23. Rdd1 Ba3 24. Rc3 Qa5 25. b4 Bxb4 26. Rb3 e5 27.
Qb2 exd4 28. Bxd4 Bd6 29. Bc3 Qg5 30. Rxb7 Qf4 31. Rxd6 Rxd6 32. Rb6 Rde6 33.
Qb4 Be4 34. Bd2 Qf5 35. Bxe4 Qxe4 36. Rxa6 Qe5 37. Ra3 Rb8 38. Bc3 Qc7 39. Kf1
Rxb4 40. Bxb4 Qd8 41. Kg1 h5 0-1

[Event "CAN-ch U1600"]
[Site "Kingston CAN"]
[Date "2019.04.19"]
[Round "2.41"]
[White "Wang, Rachel"]
[Black "Paulsen, Lorenz"]
[Result "1-0"]
[WhiteElo "1528"]
[BlackElo "1434"]
[PlyCount "49"]
[EventDate "2019.04.18"]
[EventType "swiss"]
[EventRounds "9"]
[EventCountry "CAN"]

1. d4 d5 2. c4 c6 3. Nc3 Nf6 4. Nf3 Nbd7 5. Bg5 h6 6. Bh4 e6 7. e3 Be7 8. Bd3
dxc4 9. Bxc4 b5 10. Bd3 O-O 11. O-O Bb7 12. Rc1 a6 13. Ne4 Nd5 14. Bg3 N7f6 15.
Nxf6+ Nxf6 16. Ne5 Rc8 17. a4 Qb6 18. Bh4 Rfd8 19. axb5 cxb5 20. Rxc8 Bxc8 21.
Qf3 Rf8 22. Bxf6 Bxf6 23. Qe4 g6 24. Nxg6 Bb7 25. Ne7+ 1-0

[Event "CAN-ch U1600"]
[Site "Kingston CAN"]
[Date "2019.04.19"]
[Round "2.42"]
[White "Bilodeau-Savaria, Carl-William"]
[Black "Douglas, Steven"]
[Result "1/2-1/2"]
[WhiteElo "1313"]
[BlackElo "1492"]
[PlyCount "84"]
[EventDate "2019.04.18"]
[EventType "swiss"]
[EventRounds "9"]
[EventCountry "CAN"]

1. e4 d6 2. d4 Nf6 3. Bd3 g6 4. h3 Bg7 5. c4 O-O 6. Nf3 e5 7. d5 Na6 8. Nc3 Nc5
9. Bc2 a5 10. Be3 Bd7 11. Bxc5 dxc5 12. O-O Nh5 13. a4 Nf4 14. Ne2 Nh5 15. Ra2
Qe7 16. Re1 Rad8 17. Ra3 Bc8 18. Rd3 Rd6 19. Qd2 b6 20. g4 Nf6 21. Nc3 c6 22.
Qg5 Re8 23. Red1 Qf8 24. Qe3 h5 25. g5 Nh7 26. h4 f6 27. dxc6 Rxc6 28. Nb5 Bg4
29. Rd6 Rxd6 30. Rxd6 Re6 31. Rxe6 Bxe6 32. b3 Qe7 33. Nc3 Bg4 34. Nd5 Qd8 35.
gxf6 Bxf6 36. Nxf6+ Qxf6 37. Ng5 Nxg5 38. hxg5 Qf3 39. Qxf3 Bxf3 40. Kh2 Kf7
41. Kg3 Bg4 42. f3 Be6 1/2-1/2

[Event "CAN-ch U1600"]
[Site "Kingston CAN"]
[Date "2019.04.19"]
[Round "2.43"]
[White "Chau, Matthew"]
[Black "Sztuka, Jeremy"]
[Result "0-1"]
[WhiteElo "875"]
[BlackElo "1454"]
[PlyCount "66"]
[EventDate "2019.04.18"]
[EventType "swiss"]
[EventRounds "9"]
[EventCountry "CAN"]

1. e4 b6 2. Nc3 Bb7 3. d4 e6 4. Bd3 Ne7 5. Nge2 d5 6. f3 dxe4 7. fxe4 Ng6 8. a3
Be7 9. O-O O-O 10. Be3 Nd7 11. Ng3 c5 12. Nce2 cxd4 13. Nxd4 Nc5 14. Nf3 Nxd3
15. cxd3 Bd6 16. Nd2 Ba6 17. Nc4 Rc8 18. b3 Bxg3 19. hxg3 Qc7 20. Rf3 Ne5 21.
Nxe5 Qxe5 22. Qd2 Qxa1+ 23. Rf1 Qxa3 24. Bd4 Qd6 25. Bb2 Qxd3 26. Qg5 Qxf1+ 27.
Kh2 f6 28. Qg4 e5 29. Qe6+ Kh8 30. Ba3 Rc2 31. Kh3 Qxg2+ 32. Kg4 Be2+ 33. Kh4
g5# 0-1

[Event "CAN-ch U1600"]
[Site "Kingston CAN"]
[Date "2019.04.19"]
[Round "2.44"]
[White "Azroy, Arman"]
[Black "De Leon, Rut Jurry"]
[Result "1-0"]
[WhiteElo "1560"]
[BlackElo "1063"]
[PlyCount "53"]
[EventDate "2019.04.18"]
[EventType "swiss"]
[EventRounds "9"]
[EventCountry "CAN"]

1. e4 g6 2. Nc3 Bg7 3. f4 d6 4. Nf3 Nd7 5. Bc4 Ngf6 6. d3 O-O 7. O-O a6 8. Qe1
b5 9. Bb3 e5 10. fxe5 dxe5 11. Qh4 Nh5 12. Bg5 Bf6 13. Bxf6 Qxf6 14. Ng5 Qd8
15. Rxf7 Rxf7 16. Bxf7+ Kh8 17. Bxg6 Qf6 18. Bxh5 h6 19. Nf7+ Kg7 20. Qg3+ Kf8
21. Nd5 Qc6 22. Rf1 Qc5+ 23. Kh1 Ke8 24. Nxe5+ Kd8 25. Qg8+ Nf8 26. Rxf8+ Qxf8
27. Qxf8# 1-0

[Event "CAN-ch U1600"]
[Site "Kingston CAN"]
[Date "2019.04.19"]
[Round "2.45"]
[White "Wang, Derek"]
[Black "Guillemette, Hugo"]
[Result "0-1"]
[WhiteElo "1459"]
[BlackElo "1210"]
[PlyCount "130"]
[EventDate "2019.04.18"]
[EventType "swiss"]
[EventRounds "9"]
[EventCountry "CAN"]

1. e4 e5 2. Nf3 Nc6 3. Bc4 Nf6 4. d3 Bc5 5. c3 O-O 6. O-O d5 7. exd5 Nxd5 8.
Bg5 f6 9. Bh4 Kh8 10. h3 Nb6 11. Bb5 Bf5 12. Re1 Be7 13. Qe2 Re8 14. Rd1 Bd6
15. Nbd2 a6 16. Bxc6 bxc6 17. Ne4 Nd5 18. Nxd6 cxd6 19. Qd2 Nf4 20. d4 Qc7 21.
dxe5 dxe5 22. Qd6 Qb6 23. Bxf6 Bxh3 24. Bxe5 Nxg2 25. Qh6 Rxe5 26. Qxh3 Nf4 27.
Qh2 Ne2+ 28. Kf1 Ree8 29. Rd2 Qb5 30. Kg2 Qf5 31. Re1 Nf4+ 32. Kf1 Rxe1+ 33.
Nxe1 Re8 34. Rd4 Nd5 35. Qg2 Ne3+ 36. Kg1 Nxg2 37. Nxg2 Qb1+ 38. Kh2 Qxb2 39.
Rc4 Qxf2 40. Rxc6 Qxa2 41. c4 h6 42. c5 Qd5 43. Rxa6 Qxc5 44. Ra4 Re2 45. Rg4
Qe5+ 46. Kh3 h5 47. Rh4 Qe8 48. Kg3 Qg6+ 49. Kf4 Re4+ 50. Kf3 Rxh4 51. Nxh4
Qg4+ 52. Kf2 Qxh4+ 53. Kg2 g5 54. Kf3 g4+ 55. Kf4 g3+ 56. Kf3 Qh2 57. Kf4 g2+
58. Ke4 g1=Q 59. Kf3 Qhg2+ 60. Kf4 Q1f1+ 61. Ke3 Qge2+ 62. Kd4 Qfd1+ 63. Kc3
Qec2+ 64. Kb4 Qdb1+ 65. Ka3 Qca2# 0-1

[Event "CAN-ch U1600"]
[Site "Kingston CAN"]
[Date "2019.04.19"]
[Round "2.46"]
[White "He, Zekai"]
[Black "Gougeon, Patrick"]
[Result "0-1"]
[WhiteElo "1293"]
[BlackElo "1204"]
[PlyCount "170"]
[EventDate "2019.04.18"]
[EventType "swiss"]
[EventRounds "9"]
[EventCountry "CAN"]

1. e4 d5 2. exd5 Qxd5 3. Nc3 Qd6 4. Nf3 Nf6 5. Bc4 c6 6. d4 Bg4 7. Be3 g6 8. h3
Bxf3 9. Qxf3 Bg7 10. O-O O-O 11. Rad1 e6 12. Bb3 h6 13. Ne2 Nd5 14. c4 Nxe3 15.
fxe3 Nd7 16. Bc2 Nf6 17. b3 Rad8 18. Qg3 Qxg3 19. Nxg3 Ne8 20. Rfe1 Nc7 21. Ne2
f5 22. a3 b5 23. Rb1 a6 24. Nf4 Kh7 25. Nd3 a5 26. Nc5 Rf7 27. Nb7 Ra8 28. Nc5
Re7 29. Bd3 b4 30. axb4 axb4 31. Ra1 Ree8 32. Na4 Reb8 33. Bc2 e5 34. Rad1 e4
35. Re2 Rd8 36. Red2 Na6 37. d5 c5 38. d6 Bf6 39. Rd5 Rac8 40. d7 Rc7 41. Rd6
Be5 42. Rxa6 Rcxd7 43. Rxd7+ Rxd7 44. Nxc5 Rd2 45. Ra2 Bg3 46. Kf1 Rf2+ 47. Kg1
Re2 48. Ra1 Rxc2 49. Na6 Rc3 50. Nxb4 Rxe3 51. Rb1 Re1+ 52. Rxe1 Bxe1 53. Na6
Kg7 54. b4 Kf7 55. b5 Ba5 56. c5 Ke7 57. b6 Bc3 58. c6 Bd4+ 59. Kf1 Bxb6 60.
Ke2 Kd6 61. Nb8 Kc7 62. Nd7 Bd4 63. Nf8 Kxc6 64. Nxg6 Kd6 65. Kd2 Ke6 66. Ke2
Kf6 67. Nf4 Ba7 68. h4 Bb8 69. Nd5+ Ke5 70. Ne7 Kf4 71. Kf2 Ba7+ 72. Ke2 Bc5
73. Ng8 Bf8 74. Nf6 Kg3 75. Ke3 Be7 76. Nxe4+ fxe4 77. Kxe4 Bxh4 78. Kf5 Kxg2
79. Kf4 Kh3 80. Kf3 Bd8 81. Kf2 Kh2 82. Kf3 h5 83. Kf2 Bb6+ 84. Kf1 Kg3 85. Ke2
h4 0-1

[Event "CAN-ch U1600"]
[Site "Kingston CAN"]
[Date "2019.04.19"]
[Round "2.47"]
[White "Lee, Ji Won"]
[Black "Liao, Austin"]
[Result "1-0"]
[WhiteElo "1365"]
[BlackElo "902"]
[PlyCount "49"]
[EventDate "2019.04.18"]
[EventType "swiss"]
[EventRounds "9"]
[EventCountry "CAN"]

1. d4 e6 2. Bf4 d5 3. e3 Nf6 4. Nf3 Nc6 5. h3 h6 6. Nbd2 g5 7. Bh2 Bd7 8. Bd3
a6 9. Qe2 Nb4 10. O-O Rg8 11. Ne5 Nc6 12. c3 h5 13. f3 Bh6 14. g4 h4 15. e4 Qe7
16. Rae1 O-O-O 17. Nxd7 Qxd7 18. e5 Nh7 19. Bxh7 Rgf8 20. Nb3 Rde8 21. Nc5 Qe7
22. b4 b6 23. Qxa6+ Kd8 24. Qa8+ Nb8 25. Qxb8# 1-0

[Event "CAN-ch U1600"]
[Site "Kingston CAN"]
[Date "2019.04.19"]
[Round "2.48"]
[White "Li, Allen"]
[Black "Chocina, Adam"]
[Result "1-0"]
[WhiteElo "1262"]
[BlackElo "1179"]
[PlyCount "63"]
[EventDate "2019.04.18"]
[EventType "swiss"]
[EventRounds "9"]
[EventCountry "CAN"]

1. e4 c5 2. Nf3 d6 3. d4 cxd4 4. Nxd4 Nf6 5. Nc3 a6 6. Be3 e5 7. Nb3 Be6 8. f3
Nc6 9. Qd2 Ne7 10. O-O-O d5 11. exd5 Nexd5 12. Nxd5 Nxd5 13. Bf2 Rc8 14. Kb1
Bb4 15. Qc1 Bf5 16. Bd3 Be6 17. Be4 O-O 18. Bxd5 Bxd5 19. Qe3 Qd6 20. Qd3 Rfd8
21. c3 Bxb3 22. Qxd6 Bxa2+ 23. Kxa2 Bxd6 24. Rd5 Rc6 25. Rhd1 f6 26. c4 b6 27.
c5 bxc5 28. Bxc5 Bxc5 29. Rxd8+ Kf7 30. R1d7+ Be7 31. Ra8 Rc2 32. Raa7 1-0

[Event "CAN-ch U1600"]
[Site "Kingston CAN"]
[Date "2019.04.19"]
[Round "2.49"]
[White "Hay, Jonathan"]
[Black "De Leon, Raf Adrik"]
[Result "1-0"]
[WhiteElo "1075"]
[BlackElo "1247"]
[PlyCount "105"]
[EventDate "2019.04.18"]
[EventType "swiss"]
[EventRounds "9"]
[EventCountry "CAN"]

1. e4 e5 2. Nf3 Nc6 3. c3 d5 4. Qa4 dxe4 5. Nxe5 Qd5 6. Nxc6 Qxc6 7. Bb5 Bd7 8.
Bxc6 Bxc6 9. Qc2 O-O-O 10. O-O Nf6 11. b4 Be7 12. a4 Nh5 13. b5 Bd5 14. c4 Be6
15. Qxe4 Bf6 16. Ra2 Rd4 17. Qe3 Bxc4 18. Qh3+ Kb8 19. Qxh5 Bxa2 20. Nc3 Bc4
21. Re1 Rh4 22. Qf3 Rd8 23. Nd1 Bd5 24. Qa3 Rg4 25. Ne3 Re4 26. Rd1 Be6 27. Bb2
Bxb2 28. Qxb2 Rxa4 29. Qxg7 a6 30. bxa6 Rxa6 31. Qxh7 Bb3 32. Rb1 Be6 33. Qe4
b6 34. d4 Ra4 35. Nc2 Ra5 36. Qh4 Rg8 37. Ne3 Ra4 38. Qf4 Kb7 39. Qe4+ Ka7 40.
Qc6 Ra6 41. Qxc7+ Ka8 42. Qc6+ Ka7 43. Qc1 Rc8 44. Qf1 Rd8 45. Ra1 Rxa1 46.
Qxa1+ Kb7 47. Qb2 Ra8 48. d5 Bd7 49. Nc4 Ra6 50. h3 Kc7 51. Qc3 Kb8 52. Qg3+
Ka7 53. Qc7+ 1-0

[Event "CAN-ch U1600"]
[Site "Kingston CAN"]
[Date "2019.04.19"]
[Round "2.50"]
[White "Mai, Deren"]
[Black "Bilodeau-Savaria, Sandy-Rose"]
[Result "1-0"]
[WhiteElo "1242"]
[BlackElo "1150"]
[PlyCount "72"]
[EventDate "2019.04.18"]
[EventType "swiss"]
[EventRounds "9"]
[EventCountry "CAN"]

1. e4 c5 2. Nc3 e6 3. g3 Nc6 4. Bg2 Nf6 5. d3 Be7 6. f4 d6 7. Nge2 O-O 8. O-O
a6 9. h3 Qc7 10. g4 Re8 11. Ng3 b5 12. g5 Nd7 13. h4 Bb7 14. f5 exf5 15. Nd5
Qb8 16. exf5 g6 17. Nf6+ Nxf6 18. gxf6 Bxf6 19. fxg6 Bd4+ 20. Kh1 hxg6 21. Qf3
Qc7 22. c3 Bg7 23. Bg5 Rab8 24. Rad1 Ne5 25. Qf4 Bxg2+ 26. Kxg2 Re6 27. d4 cxd4
28. cxd4 Nc4 29. Rc1 Qb7+ 30. Kh2 Nxb2 31. d5 Re5 32. Bf6 Bxf6 33. Qxf6 Qxd5
34. Rc7 Qxa2 35. Rxf7 Nd3+ 36. Kg1 Qxf7 1-0

[Event "CAN-ch U1600"]
[Site "Kingston CAN"]
[Date "2019.04.19"]
[Round "3.40"]
[White "Hua, Gary"]
[Black "Wang, Rachel"]
[Result "1/2-1/2"]
[WhiteElo "1582"]
[BlackElo "1528"]
[PlyCount "35"]
[EventDate "2019.04.18"]
[EventType "swiss"]
[EventRounds "9"]
[EventCountry "CAN"]

1. c4 c5 2. g3 g6 3. Bg2 Bg7 4. Nc3 Nc6 5. d3 e6 6. e4 Nge7 7. Nge2 d6 8. O-O
O-O 9. Kh1 Qd7 10. Rb1 b6 11. Bf4 Bb7 12. Qc1 e5 13. Bh6 Nd4 14. Bxg7 Kxg7 15.
Nxd4 exd4 16. Nd5 f5 17. f4 Rae8 18. Qd2 1/2-1/2

[Event "CAN-ch U1600"]
[Site "Kingston CAN"]
[Date "2019.04.19"]
[Round "3.41"]
[White "Sztuka, Jeremy"]
[Black "Douglas, Steven"]
[Result "1/2-1/2"]
[WhiteElo "1454"]
[BlackElo "1492"]
[PlyCount "64"]
[EventDate "2019.04.18"]
[EventType "swiss"]
[EventRounds "9"]
[EventCountry "CAN"]

1. f4 Nf6 2. Nf3 d6 3. e3 g6 4. Be2 Bg7 5. O-O O-O 6. d3 c5 7. e4 Nc6 8. c3 a6
9. Nbd2 b5 10. d4 Ng4 11. Nb3 c4 12. Ng5 Nf6 13. Nd2 Qb6 14. Kh1 h6 15. Nh3 Bb7
16. e5 dxe5 17. fxe5 Nd5 18. Ne4 Rad8 19. Nc5 Bc8 20. Bg4 e6 21. Nf4 Nxf4 22.
Bxf4 Nxe5 23. Qe2 Nd7 24. Nxd7 Rxd7 25. Rae1 Bb7 26. Be5 Bd5 27. Bxg7 Kxg7 28.
Qe5+ Kg8 29. Qf6 Qd8 30. Qf4 Kg7 31. Qe5+ Kg8 32. Qf4 Kg7 1/2-1/2

[Event "CAN-ch U1600"]
[Site "Kingston CAN"]
[Date "2019.04.19"]
[Round "3.42"]
[White "Guillemette, Hugo"]
[Black "Azroy, Arman"]
[Result "0-1"]
[WhiteElo "1210"]
[BlackElo "1560"]
[PlyCount "82"]
[EventDate "2019.04.18"]
[EventType "swiss"]
[EventRounds "9"]
[EventCountry "CAN"]

1. e4 e6 2. d4 d5 3. e5 c5 4. c3 Qb6 5. Nf3 Nc6 6. a3 Nh6 7. Bd3 Bd7 8. Bc2 Rc8
9. O-O cxd4 10. cxd4 Ne7 11. Nc3 Nef5 12. Ba4 Rc4 13. Bxd7+ Kxd7 14. Ne2 Ne7
15. b3 Rc7 16. Bb2 Nc6 17. Rc1 Be7 18. Ne1 Nf5 19. Qd3 Rhc8 20. b4 a6 21. f4 g6
22. Nf3 Na7 23. Rxc7+ Rxc7 24. Rc1 Rxc1+ 25. Bxc1 a5 26. bxa5 Qxa5 27. Qb3 Nb5
28. a4 Nbxd4 29. Qxb7+ Ke8 30. Qc8+ Bd8 31. Kf2 Nxf3 32. Qc6+ Kf8 33. gxf3 d4
34. Ba3+ Be7 35. Qc8+ Kg7 36. Bxe7 Nxe7 37. Qd7 Nf5 38. Ng3 Qd2+ 39. Ne2 d3 40.
Qb5 Qxe2+ 41. Kg1 Ne3 0-1

[Event "CAN-ch U1600"]
[Site "Kingston CAN"]
[Date "2019.04.19"]
[Round "3.43"]
[White "Gougeon, Patrick"]
[Black "Bilodeau-Savaria, Carl-William"]
[Result "0-1"]
[WhiteElo "1204"]
[BlackElo "1313"]
[PlyCount "60"]
[EventDate "2019.04.18"]
[EventType "swiss"]
[EventRounds "9"]
[EventCountry "CAN"]

1. f4 d5 2. Nf3 c5 3. g3 Nf6 4. d3 e6 5. Bg2 Be7 6. O-O Nbd7 7. Qe1 b5 8. e4
dxe4 9. dxe4 Bb7 10. e5 Nd5 11. a3 c4 12. Kh1 Bc5 13. Nc3 Nxc3 14. Qxc3 Nb6 15.
b4 Nd5 16. Qe1 Bb6 17. c3 a5 18. Bd2 O-O 19. Ng5 h6 20. Ne4 axb4 21. axb4 Rxa1
22. Qxa1 Nxb4 23. Nd6 Bxg2+ 24. Kxg2 Nd3 25. Nxb5 Qd5+ 26. Rf3 Qxb5 27. Qf1 Qb2
28. Qd1 Ra8 29. Kh3 Ra2 30. Be3 Bxe3 0-1

[Event "CAN-ch U1600"]
[Site "Kingston CAN"]
[Date "2019.04.19"]
[Round "3.44"]
[White "Mai, Deren"]
[Black "He, Jiaqi"]
[Result "0-1"]
[WhiteElo "1242"]
[BlackElo "1451"]
[PlyCount "46"]
[EventDate "2019.04.18"]
[EventType "swiss"]
[EventRounds "9"]
[EventCountry "CAN"]

1. e4 e5 2. Nf3 Nc6 3. Bc4 Nd4 4. c3 Nxf3+ 5. Qxf3 Nf6 6. d4 d6 7. Bg5 Be7 8.
Nd2 O-O 9. O-O c6 10. h3 Be6 11. Bxf6 Bxf6 12. d5 cxd5 13. exd5 Bd7 14. Bd3 Be7
15. Qe2 f5 16. f4 e4 17. Bc4 Qb6+ 18. Kh1 Qxb2 19. Qe3 Bf6 20. Rfc1 Qa3 21.
Rab1 b6 22. Rb4 Qxc1+ 23. Bf1 Qxc3 0-1

[Event "CAN-ch U1600"]
[Site "Kingston CAN"]
[Date "2019.04.19"]
[Round "3.45"]
[White "Paulsen, Lorenz"]
[Black "Chau, Matthew"]
[Result "1-0"]
[WhiteElo "1434"]
[BlackElo "875"]
[PlyCount "101"]
[EventDate "2019.04.18"]
[EventType "swiss"]
[EventRounds "9"]
[EventCountry "CAN"]

1. d4 d5 2. c4 c6 3. Nc3 Nf6 4. Nf3 Bg4 5. e3 e6 6. cxd5 cxd5 7. Be2 Nc6 8. O-O
Bd6 9. a3 a6 10. h3 Bf5 11. Nh4 Ne7 12. Nxf5 Nxf5 13. Bd3 Ne7 14. e4 Nxe4 15.
Nxe4 dxe4 16. Bxe4 Ra7 17. Be3 Nd5 18. Qg4 Nf6 19. Qf3 Nd5 20. Bxd5 exd5 21.
Qg4 b5 22. Qxg7 Rf8 23. Qxh7 Rc7 24. Rac1 Qf6 25. Rxc7 Bxc7 26. Rc1 Kd7 27. Qh5
Qe6 28. Qf3 Bd6 29. Bf4 Bxf4 30. Qxf4 Rc8 31. Rxc8 Kxc8 32. Qg4 Kd7 33. Qxe6+
fxe6 34. f4 Ke7 35. Kf2 Kf6 36. g4 a5 37. Kf3 a4 38. h4 Kg6 39. g5 Kh5 40. Kg3
Kg6 41. Kg4 Kf7 42. h5 Kg7 43. f5 e5 44. f6+ Kf7 45. dxe5 Ke6 46. h6 Kf7 47. h7
Ke6 48. Kf4 b4 49. axb4 a3 50. bxa3 d4 51. h8=Q 1-0

[Event "CAN-ch U1600"]
[Site "Kingston CAN"]
[Date "2019.04.19"]
[Round "3.46"]
[White "Chau, Jonathan"]
[Black "Lee, Ji Won"]
[Result "1-0"]
[WhiteElo "934"]
[BlackElo "1365"]
[PlyCount "76"]
[EventDate "2019.04.18"]
[EventType "swiss"]
[EventRounds "9"]
[EventCountry "CAN"]

1. d4 d5 2. c4 e6 3. Nc3 Nf6 4. Nf3 Nbd7 5. Bg5 c6 6. e4 Qa5 7. Bxf6 Nxf6 8.
cxd5 exd5 9. e5 Ne4 10. Qc2 Bb4 11. Rc1 Qxa2 12. Nd2 Bxc3 13. bxc3 Qxc2 14.
Rxc2 Nxd2 15. Rxd2 Bf5 16. g3 a5 17. Bd3 Bh3 18. Ke2 O-O 19. Rg1 f5 20. Kf3 c5
21. dxc5 Rac8 22. c4 Rxc5 23. cxd5 Kh8 24. Bb1 Rd8 25. Ba2 Bg4+ 26. Kf4 Rc3 27.
e6 h6 28. h4 Ra3 29. Re1 Ra4+ 30. Ke5 Bh5 31. d6 Rb4 32. d7 Rb5+ 33. Kd6 Ra8
34. e7 Ra6+ 35. Kc7 Rc6+ 36. Kb8 Kh7 37. d8=Q f4 38. Qg8+ Kg6 1-0